Hechos sobre el abastecimiento de aguas en las Américas
Salvato in:
| Enti autori: | , , , |
|---|---|
| Natura: | Atti del Convegno Libro |
| Lingua: | Spanish |
| Pubblicazione: |
Washington, D.C. : Organización Panamericana de la Salud
1965
|
| Tags: |
Aggiungi Tag
Nessun Tag, puoi essere il primo ad aggiungerne!!
|
MARC
| LEADER | 00000nam a2200000Ia 4500 | ||
|---|---|---|---|
| 003 | 002174 | ||
| 005 | 20221231143956.0 | ||
| 008 | 140114s1965 waua 000 ||spa d | ||
| 040 | |c cru CEDI | ||
| 082 | |a 628.1 C748h | ||
| 111 | |9 21349 |a Conferencia Regional sobre abastecimiento de agua en las américas |c Washington, D.C. |d 18-20 octubre 1965 | ||
| 245 | |a Hechos sobre el abastecimiento de aguas en las Américas |b | ||
| 260 | |a Washington, D.C. : Organización Panamericana de la Salud |c 1965 | ||
| 300 | |a 40 páginas ;ilustraciones | ||
| 654 | |x SUMINISTRO DE AGUA | ||
| 710 | |9 21350 |a Organización Panamericana de la Salud | ||
| 710 | |9 21351 |a Oficina Sanitaria Panamerica | ||
| 710 | |9 21352 |a Oficina Regional de la Organización Mundial de la Salud | ||
| 942 | |2 ddc |c BK | ||
| 999 | |c 15057 |d 15057 | ||
